Code Making(E BOOK) (Record no. 208659)
[ view plain ]
| 000 -LEADER | |
|---|---|
| fixed length control field | 01176 a2200169 4500 |
| 003 - CONTROL NUMBER IDENTIFIER | |
| control field | Nust |
| 005 - DATE AND TIME OF LATEST TRANSACTION | |
| control field | 20170207164334.0 |
| 040 ## - CATALOGING SOURCE | |
| Transcribing agency | Nust |
| 082 ## - DEWEY DECIMAL CLASSIFICATION NUMBER | |
| Classification number | 663.22 |
| 100 ## - MAIN ENTRY--PERSONAL NAME | |
| Personal name | Davis,Michael |
| 245 ## - TITLE STATEMENT | |
| Title | Code Making(E BOOK) |
| Remainder of title | How Software Engineering Became a Profession |
| Statement of responsibility, etc. | Michael Davis |
| 260 ## - PUBLICATION, DISTRIBUTION, ETC. | |
| Place of publication, distribution, etc. | Chicago |
| Name of publisher, distributor, etc. | Illinois Institute of Technology |
| Date of publication, distribution, etc. | 2009 |
| 300 ## - PHYSICAL DESCRIPTION | |
| Extent | 401p |
| 505 ## - FORMATTED CONTENTS NOTE | |
| Formatted contents note | Table of Contents Preface 4 Chapter 1: This History, Professions, and their Ethics 12 Part One: Slow Starts and Wrong Turns Chapter 2: Before SEEPP, 1968-1994 25 Chapter 3: SEEPP Begins, 1994 44 Chapter 4: Failing—by the book, 1995 68 Chapter 5: Version 1, The Miracle of ’96 90 Chapter 6: The High Politics of 1996 126 Part Two: 1997—Three Versions in One Year Chapter 7: Winter Whirlwind, Version 2.0 156 Chapter 8: English Spring, Version 2a-2.1 194 Chapter 9: Back in the USA, Version 3 237 Chapter 10: Slogging toward “Version 4.DONE” 271 Part Three: Looking for Closure Chapter 11: The Long Process of Approval, 1998 312 Chapter 12: End Game, Version 5.2, 1999-2000 354 Epilogue: Lessons for Code Writers, Theorists, and Researchers 374 4 |
| 538 ## - SYSTEM DETAILS NOTE | |
| System details note | E-Book |
| 650 ## - SUBJECT ADDED ENTRY--TOPICAL TERM | |
| Topical term or geographic name entry element | Code Making |
| 942 ## - ADDED ENTRY ELEMENTS (KOHA) | |
| Source of classification or shelving scheme | |
| Koha item type | Book |
| Withdrawn status | Lost status | Source of classification or shelving scheme | Damaged status | Not for loan | Collection code | Permanent Location | Current Location | Date acquired | Total Checkouts | Full call number | Barcode | Date last seen | Price effective from | Koha item type |
|---|---|---|---|---|---|---|---|---|---|---|---|---|---|---|
| Military College of Signals (MCS) | Military College of Signals (MCS) | 12/12/2016 | 663.22 COD | MCSEB-1003 | 12/08/2016 | 12/12/2016 | Book |
